[Event "POL-chT U20"]
[Site "Chotowa"]
[Date "2025.06.21"]
[Round "8.5"]
[White "Salamon, Julia"]
[Black "Sprzeczka, Emilia"]
[Result "1/2-1/2"]
[WhiteElo "1944"]
[BlackElo "1977"]
[PlyCount "83"]
[EventDate "2025.06.14"]
[EventType "team-tourn"]
[EventRounds "9"]
[EventCountry "POL"]
[SourceTitle "CB27_2025"]
[SourceDate "2025.07.02"]
[SourceVersion "1"]
[SourceVersionDate "2025.07.02"]
[SourceQuality "1"]
[WhiteTeam "Trzebinia Hetman Koronny"]
[BlackTeam "Warszawa Polonia"]
[WhiteTeamCountry "POL"]
[BlackTeamCountry "POL"]

1. d4 d5 2. c4 dxc4 3. e3 e5 4. Bxc4 exd4 5. exd4 Bd6 6. Nf3 Nf6 7. 0-0 0-0 8. h3 h6 9. Nc3 Nc6 10. Be3 a6 11. a4 Bf5 12. Rc1 Qd7 13. Re1 Rfe8 14. Bd3 Bxd3 15. Qxd3 Nb4 16. Qd1 Nbd5 17. Nxd5 Nxd5 18. Qb3 c6 19. Bd2 Nf6 20. Qc2 Bc7 21. Bc3 Qd5 22. Rcd1 Rad8 23. b3 Ne4 24. Bb4 Ng5 25. Rxe8+ Rxe8 26. Nxg5 Qxg5 27. Qd3 Bb6 28. Bd2 Qd5 29. Be3 Rd8 30. b4 a5 31. bxa5 Bxa5 32. Rb1 Rd7 33. Qc2 Bd8 34. Qb3 Qe4 35. Rc1 Bf6 36. Rc4 Bxd4 37. Rxd4 Rxd4 38. Bxd4 Qxd4 39. Qxb7 Qxa4 40. Qc8+ Kh7 41. Qf5+ Kg8 42. Qc8+ 1/2-1/2

[Event "POL-chT U20"]
[Site "Chotowa"]
[Date "2025.06.20"]
[Round "7.5"]
[White "Slusarczyk, Anna"]
[Black "Salamon, Julia"]
[Result "1/2-1/2"]
[WhiteElo "1947"]
[BlackElo "1944"]
[PlyCount "112"]
[EventDate "2025.06.14"]
[EventType "team-tourn"]
[EventRounds "9"]
[EventCountry "POL"]
[SourceTitle "CB27_2025"]
[SourceDate "2025.07.02"]
[SourceVersion "1"]
[SourceVersionDate "2025.07.02"]
[SourceQuality "1"]
[WhiteTeam "Warszawa Czternastka"]
[BlackTeam "Trzebinia Hetman Koronny"]
[WhiteTeamCountry "POL"]
[BlackTeamCountry "POL"]

1. e4 c5 2. Nf3 e6 3. d4 cxd4 4. Nxd4 a6 5. c4 Nf6 6. Nc3 Qc7 7. Be3 Bb4 8. Bd3 0-0 9. 0-0 d6 10. Rc1 Nbd7 11. f3 Bc5 12. Kh1 e5 13. Nf5 Bxe3 14. Nxe3 Nc5 15. Be2 Ne8 16. Ncd5 Qd8 17. b4 Ne6 18. c5 dxc5 19. Nf5 Nd4 20. Nfe7+ Kh8 21. bxc5 Be6 22. Bc4 Bxd5 23. Nxd5 Rc8 24. f4 Rxc5 25. fxe5 Ne6 26. Qh5 g6 27. Qh6 b5 28. Nf4 N8g7 29. Rcd1 Qg5 30. Qxg5 Nxg5 31. Bxf7 Nxf7 32. e6 Ne5 33. Nd3 Rxf1+ 34. Rxf1 Nxe6 35. Nxc5 Nxc5 36. g3 Nxe4 37. Rf8+ Kg7 38. Ra8 Nc5 39. Ra7+ Kf6 40. Rxh7 a5 41. Rc7 Ned3 42. Rc6+ Kg7 43. h4 b4 44. Rc7+ Kf6 45. Rc6+ Kf5 46. Kg2 a4 47. Kh3 a3 48. g4+ Ke5 49. h5 gxh5 50. gxh5 Ne4 51. h6 Kf5 52. Kh4 Nf6 53. Rb6 Nc1 54. Rxb4 Nxa2 55. Ra4 Nc3 56. Rxa3 Ke5 1/2-1/2

[Event "POL-chT U20"]
[Site "Chotowa"]
[Date "2025.06.19"]
[Round "6.5"]
[White "Salamon, Julia"]
[Black "Smietanska, Wiktoria"]
[Result "0-1"]
[WhiteElo "1944"]
[BlackElo "2238"]
[PlyCount "84"]
[EventDate "2025.06.14"]
[EventType "team-tourn"]
[EventRounds "9"]
[EventCountry "POL"]
[SourceTitle "CB27_2025"]
[SourceDate "2025.07.02"]
[SourceVersion "1"]
[SourceVersionDate "2025.07.02"]
[SourceQuality "1"]
[WhiteTeam "Trzebinia Hetman Koronny"]
[BlackTeam "Wroclaw Polonia Votum"]
[WhiteTeamCountry "POL"]
[BlackTeamCountry "POL"]

1. d4 Nf6 2. c4 e6 3. Nc3 Bb4 4. e3 0-0 5. Bd3 c5 6. Nf3 d5 7. 0-0 Nc6 8. cxd5 exd5 9. h3 c4 10. Bc2 Bxc3 11. bxc3 Qa5 12. Bd2 Re8 13. Nh2 Qc7 14. Qe2 b5 15. a4 b4 16. cxb4 Nxd4 17. Qd1 Nxc2 18. Qxc2 Ne4 19. Be1 Bf5 20. Qc1 Re6 21. f4 Rg6 22. Kh1 Ng3+ 23. Bxg3 Rxg3 24. Qe1 Rg6 25. Qc3 Re8 26. Qd4 Qb6 27. Qxb6 Rxb6 28. Rfd1 Bd3 29. Ng4 Rxb4 30. Kg1 f6 31. Nf2 Rxe3 32. Nxd3 cxd3 33. Kf2 Rbe4 34. Rd2 Kf7 35. g3 Re2+ 36. Rxe2 dxe2 37. Re1 Ke6 38. Rxe2 Rxe2+ 39. Kxe2 d4 40. Kd3 Kd5 41. a5 a6 42. f5 h5 0-1

[Event "POL-chT U20"]
[Site "Chotowa"]
[Date "2025.06.14"]
[Round "1.5"]
[White "Szczotka, Klara"]
[Black "Salamon, Julia"]
[Result "1/2-1/2"]
[WhiteElo "1990"]
[BlackElo "1944"]
[PlyCount "56"]
[EventDate "2025.06.14"]
[EventType "team-tourn"]
[EventRounds "9"]
[EventCountry "POL"]
[SourceTitle "CB27_2025"]
[SourceDate "2025.07.02"]
[SourceVersion "1"]
[SourceVersionDate "2025.07.02"]
[SourceQuality "1"]
[WhiteTeam "Bialystok Stoczek 45"]
[BlackTeam "Trzebinia Hetman Koronny"]
[WhiteTeamCountry "POL"]
[BlackTeamCountry "POL"]

1. e4 c5 2. Nf3 d6 3. Bb5+ Bd7 4. Bxd7+ Qxd7 5. c4 Nc6 6. Nc3 g6 7. d4 cxd4 8. Nxd4 Bg7 9. Be3 Nf6 10. f3 0-0 11. 0-0 a6 12. a4 Rac8 13. b3 e6 14. Rc1 Qc7 15. Qd2 Rfd8 16. Qf2 Qe7 17. Rfe1 Nd7 18. Red1 Nde5 19. h3 Nb4 20. Qe2 Nec6 21. Nxc6 bxc6 22. Qf2 c5 23. Ne2 Bb2 24. Rb1 Bg7 25. Rbc1 Bb2 26. Rb1 Bg7 27. Rbc1 Bb2 28. Rb1 Bg7 1/2-1/2

[Event "Sant Boi de Llobregat op 5th"]
[Site "Sant Boi de Llobregat"]
[Date "2024.12.01"]
[Round "3"]
[White "Salamon, Julia"]
[Black "Racis, Michal"]
[Result "1-0"]
[WhiteElo "2037"]
[BlackElo "2124"]
[PlyCount "93"]
[EventDate "2024.11.29"]
[EventType "swiss"]
[EventRounds "10"]
[EventCountry "ESP"]
[SourceTitle "CB50_2024"]
[SourceDate "2024.11.01"]
[SourceVersion "1"]
[SourceVersionDate "2024.11.01"]
[SourceQuality "2"]

1. d4 Nf6 2. c4 g6 3. Nc3 Bg7 4. e4 d6 5. Nf3 0-0 6. Be2 e5 7. Be3 Ng4 8. Bg5 f6 9. Bh4 Nh6 10. h3 g5 11. Bg3 Kh8 12. Qd2 Nc6 13. d5 Nd4 14. Nxd4 exd4 15. Qxd4 f5 16. Qd2 f4 17. Bh2 c5 18. dxc6 bxc6 19. Rd1 Be5 20. c5 Qf6 21. cxd6 Rd8 22. 0-0 g4 23. hxg4 Nxg4 24. Bxg4 Bxg4 25. f3 Bd7 26. Ne2 Rf8 27. g4 Qg5 28. Kh1 Rf6 29. Rg1 Rh6 30. Rg2 Rxd6 31. Qc1 Rxd1+ 32. Qxd1 Rd8 33. Qc1 Rf8 34. Qc5 Qg7 35. b3 Be8 36. Bg1 a6 37. Bd4 Bxd4 38. Nxd4 Qf6 39. Nf5 Bd7 40. g5 Qa1+ 41. Rg1 Rxf5 42. exf5 Qg7 43. Qd6 Qf7 44. Qe5+ Kg8 45. g6 Qxf5 46. gxh7+ Kxh7 47. Qg7# 1-0

[Event "Sant Boi de Llobregat op 5th"]
[Site "Sant Boi de Llobregat"]
[Date "2024.11.30"]
[Round "2"]
[White "Shukhman, Anna"]
[Black "Salamon, Julia"]
[Result "1-0"]
[WhiteElo "2245"]
[BlackElo "2037"]
[PlyCount "67"]
[EventDate "2024.11.29"]
[EventType "swiss"]
[EventRounds "10"]
[EventCountry "ESP"]
[SourceTitle "CB50_2024"]
[SourceDate "2024.11.01"]
[SourceVersion "1"]
[SourceVersionDate "2024.11.01"]
[SourceQuality "2"]

1. e4 c5 2. Nf3 e6 3. d4 cxd4 4. Nxd4 Nf6 5. Nc3 Nc6 6. a3 d6 7. Be3 Be7 8. Qe2 a6 9. 0-0-0 Qc7 10. g4 Nxd4 11. Rxd4 b5 12. g5 Nd7 13. f4 Bb7 14. h4 e5 15. Nd5 Bxd5 16. Rxd5 exf4 17. Bxf4 Nb6 18. Rd4 0-0 19. Qd2 Rad8 20. h5 Qc6 21. Be2 d5 22. Rd1 Bc5 23. exd5 Qb7 24. Rd3 Nc4 25. Qc3 Qe7 26. h6 f5 27. d6 Bxd6 28. Bxd6 Qxg5+ 29. Kb1 Nxd6 30. Rxd6 gxh6 31. Bf3 Rxd6 32. Rxd6 Qg7 33. Qb3+ Kh8 34. Rxa6 1-0

[Event "POL-ch sf (Women)"]
[Site "Karpacz"]
[Date "2023.12.07"]
[Round "4"]
[White "Salamon, Julia"]
[Black "Waszczuk, Patrycja"]
[Result "0-1"]
[WhiteElo "1907"]
[BlackElo "2180"]
[PlyCount "76"]
[EventDate "2023.12.04"]
[EventType "swiss"]
[EventRounds "9"]
[EventCountry "POL"]
[SourceTitle "CBM 217 Extra"]
[Source "ChessBase"]
[SourceDate "2024.01.31"]
[SourceVersion "1"]
[SourceVersionDate "2024.01.31"]
[SourceQuality "1"]

1. d4 d6 2. c4 Nf6 3. Nc3 g6 4. e4 Bg7 5. Nf3 0-0 6. Be2 Nbd7 7. 0-0 e5 8. Be3 c6 9. Qc2 Qe7 10. Rad1 Re8 11. dxe5 dxe5 12. a3 Ng4 13. Bg5 f6 14. Bc1 Nf8 15. h3 Nh6 16. b4 f5 17. Bg5 Qc7 18. exf5 Bxf5 19. Bd3 Qf7 20. Ne4 Bxe4 21. Bxe4 Nf5 22. Rd2 Ne6 23. Bxf5 gxf5 24. Rfd1 e4 25. Rd7 Qg6 26. Ne1 Qxg5 27. Rxb7 Nd4 28. Qa2 Rad8 29. c5+ Kh8 30. Qf7 Rf8 31. Qe7 Qxe7 32. Rxe7 Ne2+ 33. Kf1 Rxd1 34. Kxe2 Rfd8 35. Re8+ Rxe8 36. Kxd1 Rd8+ 37. Kc2 Bd4 38. f3 Bf2 0-1

[Event "POL-chT 2nd League"]
[Site "Jastrzebia Gora"]
[Date "2023.09.05"]
[Round "4.132"]
[White "Salamon, Julia"]
[Black "Dziopa, Malgorzata"]
[Result "1-0"]
[WhiteElo "1814"]
[BlackElo "1727"]
[PlyCount "103"]
[EventDate "2023.09.02"]
[EventType "team-swiss"]
[EventRounds "9"]
[EventCountry "POL"]
[SourceTitle "CBM 216 Extra"]
[Source "ChessBase"]
[SourceDate "2023.11.30"]
[SourceVersion "1"]
[SourceVersionDate "2023.11.30"]
[SourceQuality "1"]
[WhiteTeam "Chrzanow Olimpijczyk"]
[BlackTeam "Lubsko Caissa"]
[WhiteTeamCountry "POL"]
[BlackTeamCountry "POL"]

1. d4 d5 2. c4 e6 3. Nc3 Nf6 4. Bg5 Be7 5. Nf3 h6 6. Bh4 0-0 7. e3 Nbd7 8. Bd3 c5 9. 0-0 b6 10. Qe2 Bb7 11. Rfd1 Ne4 12. Bxe7 Qxe7 13. cxd5 Nxc3 14. bxc3 exd5 15. c4 cxd4 16. Nxd4 Nc5 17. Nf5 Qf6 18. cxd5 Bxd5 19. Bc2 Be4 20. Bxe4 Nxe4 21. Qg4 Nc5 22. Rac1 Rfd8 23. Nd4 Rd5 24. Qf3 Qxf3 25. Nxf3 Rad8 26. Rxd5 Rxd5 27. Nd4 a6 28. Kf1 Kf8 29. Ke2 Ke7 30. g4 g6 31. f3 Ne6 32. Nc6+ Kd6 33. Nb4 Rb5 34. Rd1+ Kc7 35. Nd3 f6 36. Rc1+ Kd7 37. Rc2 h5 38. h3 f5 39. gxh5 gxh5 40. f4 h4 41. Ne5+ Kd6 42. Nf3 Rb1 43. Nxh4 Ng7 44. Nf3 Rh1 45. h4 b5 46. Kd3 Ne6 47. Rh2 Rd1+ 48. Kc2 Rf1 49. Ne5 Rg1 50. h5 Rg8 51. h6 Rh8 52. Nf7+ 1-0

[Event "POL-ch Blitz U18 Girls"]
[Site "Bydgoszcz"]
[Date "2023.08.31"]
[Round "4"]
[White "Kucharska, Helena"]
[Black "Salamon, Julia"]
[Result "0-1"]
[WhiteElo "1653"]
[BlackElo "1475"]
[PlyCount "104"]
[EventDate "2023.08.28"]
[EventType "swiss"]
[EventRounds "9"]
[EventCountry "POL"]
[SourceTitle "CBM 216 Extra"]
[Source "ChessBase"]
[SourceDate "2023.11.30"]
[SourceVersion "1"]
[SourceVersionDate "2023.11.30"]
[SourceQuality "1"]

1. e4 c5 2. Nf3 e6 3. c4 Nc6 4. Nc3 a6 5. d4 cxd4 6. Nxd4 Nf6 7. Be3 Bb4 8. Nxc6 bxc6 9. Bd3 c5 10. 0-0 Bxc3 11. bxc3 d6 12. f4 Qc7 13. Qf3 Bb7 14. Rab1 Bc6 15. Bd2 0-0 16. Rfe1 Nd7 17. Qh3 e5 18. Qg3 f6 19. Bc2 a5 20. Bd1 Rf7 21. Bg4 Re8 22. Qh3 Nf8 23. Bh5 g6 24. Bg4 Bd7 25. f5 Qc8 26. Rb6 Qc7 27. Reb1 Bc8 28. fxg6 hxg6 29. Bxc8 Rxc8 30. Rb7 Qc6 31. Rxf7 Kxf7 32. Qf3 Rc7 33. Rf1 Nh7 34. Qh3 Kg8 35. Qe6+ Kg7 36. Qg4 Qd7 37. Qh4 g5 38. Qg3 Qf7 39. h4 Qg6 40. hxg5 Nxg5 41. Rf5 Nxe4 42. Qxg6+ Kxg6 43. Rf2 Nxf2 44. Kxf2 Rb7 45. Bc1 Rb1 46. Be3 Rb2+ 47. Kf3 Rxa2 48. Ke4 Rxg2 49. Kd5 a4 50. Kxd6 a3 51. Kxc5 a2 52. Kb6 a1Q 0-1

[Event "POL-ch Blitz U18 Girls"]
[Site "Bydgoszcz"]
[Date "2023.08.31"]
[Round "8"]
[White "Salamon, Julia"]
[Black "Anyz, Monika"]
[Result "0-1"]
[WhiteElo "1475"]
[BlackElo "1485"]
[PlyCount "98"]
[EventDate "2023.08.28"]
[EventType "swiss"]
[EventRounds "9"]
[EventCountry "POL"]
[SourceTitle "CBM 216 Extra"]
[Source "ChessBase"]
[SourceDate "2023.11.30"]
[SourceVersion "1"]
[SourceVersionDate "2023.11.30"]
[SourceQuality "1"]

1. d4 c5 2. d5 Nf6 3. c4 e6 4. Nc3 exd5 5. cxd5 d6 6. e4 g6 7. Bd3 Bg7 8. Nf3 Bg4 9. h3 Bxf3 10. Qxf3 0-0 11. 0-0 Nbd7 12. Qe2 Ne5 13. Bf4 Nxd3 14. Qxd3 a6 15. a4 Re8 16. Rfe1 Nh5 17. Be3 Bf6 18. Qc2 Rb8 19. Qd3 Qb6 20. Rab1 Qa5 21. Ra1 Qb4 22. Bd2 Qd4 23. Qxd4 Bxd4 24. g4 Nf6 25. Bf4 Rbd8 26. Ra3 Bxc3 27. Rxc3 Nxd5 28. Bd2 Nxc3 29. Bxc3 d5 30. exd5 Rxe1+ 31. Bxe1 Rxd5 32. Bc3 b5 33. axb5 axb5 34. Kf1 b4 35. Bf6 Kf8 36. Ke2 Rd6 37. Bg5 Ke8 38. Be3 Rd5 39. Bf4 c4 40. Bd2 b3 41. Bc3 Kd7 42. f3 Rd3 43. h4 Ke6 44. f4 Kd5 45. f5 gxf5 46. gxf5 Rh3 47. Bf6 Ke4 48. Kd2 Kxf5 49. Bg5 Kg4 0-1

[Event "POL-ch Rapid U18 Girls"]
[Site "Bydgoszcz"]
[Date "2023.08.30"]
[Round "8"]
[White "Salamon, Julia"]
[Black "Kucharska, Helena"]
[Result "1-0"]
[WhiteElo "1475"]
[BlackElo "1653"]
[PlyCount "61"]
[EventDate "2023.08.28"]
[EventType "swiss"]
[EventRounds "11"]
[EventCountry "POL"]
[SourceTitle "CBM 216 Extra"]
[Source "ChessBase"]
[SourceDate "2023.11.30"]
[SourceVersion "1"]
[SourceVersionDate "2023.11.30"]
[SourceQuality "1"]

1. d4 d5 2. c4 c6 3. Nc3 Nf6 4. Nf3 dxc4 5. a4 Bf5 6. e3 e6 7. Bxc4 Nbd7 8. Qe2 Bb4 9. 0-0 0-0 10. Rd1 Re8 11. Nh4 Nb6 12. Nxf5 exf5 13. Bb3 Ne4 14. Bd2 Nxd2 15. Rxd2 Nd5 16. Qd3 Qd7 17. Re2 a6 18. Nxd5 cxd5 19. Rc1 Re7 20. Rec2 Rae8 21. g3 g5 22. Rc7 Qe6 23. Rxe7 Rxe7 24. Qc2 Kg7 25. Qc8 Qe4 26. Bc2 Qe6 27. Bxf5 Qb6 28. Qc2 h6 29. Qb3 Qd6 30. Bb1 a5 31. Qc2 1-0

[Event "POL-ch Rapid U18 Girls"]
[Site "Bydgoszcz"]
[Date "2023.08.29"]
[Round "1"]
[White "Salamon, Julia"]
[Black "Barwinska, Ewa"]
[Result "0-1"]
[WhiteElo "1475"]
[BlackElo "1920"]
[PlyCount "200"]
[EventDate "2023.08.28"]
[EventType "swiss"]
[EventRounds "11"]
[EventCountry "POL"]
[SourceTitle "CBM 216 Extra"]
[Source "ChessBase"]
[SourceDate "2023.11.30"]
[SourceVersion "1"]
[SourceVersionDate "2023.11.30"]
[SourceQuality "1"]

1. d4 Nf6 2. c4 e6 3. Nc3 Bb4 4. e3 0-0 5. Nge2 d5 6. a3 Be7 7. Nf4 c6 8. Bd3 dxc4 9. Bxc4 c5 10. 0-0 cxd4 11. exd4 Nc6 12. d5 exd5 13. Nfxd5 Nxd5 14. Nxd5 Bd6 15. Ne3 Qf6 16. Bd5 Bd7 17. Rb1 Rad8 18. Bd2 Qe5 19. g3 Bh3 20. Bc3 Qg5 21. Re1 Bc5 22. Qf3 Bxe3 23. Bxc6 Bxf2+ 24. Qxf2 bxc6 25. Qxa7 c5 26. Qa4 Rd3 27. Qf4 Qg6 28. Rbd1 Rxd1 29. Rxd1 Qc2 30. Qd2 Qe4 31. Re1 Qf3 32. Qe2 Qc6 33. Qe4 Qb6 34. Qe5 f6 35. Qd5+ Kh8 36. Qe4 h6 37. Re2 c4+ 38. Bd4 Qb3 39. Re1 Qb5 40. Qe7 Qb8 41. Qe3 Qb7 42. Qe4 Qd7 43. Bc5 Rc8 44. Bd4 Bf5 45. Qe3 Rd8 46. Bc3 Qc6 47. Kf2 Bh3 48. Qf3 Qc5+ 49. Qe3 Qf5+ 50. Qf3 Qc5+ 51. Qe3 Qd5 52. Qf3 Qd6 53. Qe4 Qc7 54. Qe7 Qb6+ 55. Qe3 Qd6 56. Qe4 Qc5+ 57. Qe3 Qf5+ 58. Qf4 Qc2+ 59. Re2 Qd1 60. Re1 Qc2+ 61. Re2 Qd1 62. Re1 Qd3 63. Qe3 Qg6 64. Qe4 Qf7 65. Qe7 Qd5 66. Qe4 Qc5+ 67. Qe3 Qf5+ 68. Qf3 Qd7 69. Qe3 Bf5 70. Qe7 Qd5 71. Qe3 Bh7 72. Qf3 Qc5+ 73. Qe3 Qd5 74. Qf3 Qc5+ 75. Qe3 Qh5 76. Kg2 Bg8 77. Qe2 Bd5+ 78. Kg1 Bf3 79. Qf2 Qg4 80. Re3 Rd1+ 81. Re1 Rd3 82. Re8+ Kh7 83. Re3 Be4 84. Qe2 Rd1+ 85. Be1 Qxe2 86. Rxe2 Bd3 87. Re3 Rb1 88. Kf2 Rxb2+ 89. Kf3 Rxh2 90. a4 Ra2 91. a5 Kg6 92. Re6 Kf5 93. Rb6 Be4+ 94. Ke3 Ra3+ 95. Kf2 c3 96. Rb5+ Kg4 97. Rb4 f5 98. Ke3 c2+ 99. Kd2 Ra1 100. Rc4 Rd1+ 0-1

[Event "POL-ch U16 Girls"]
[Site "Jastrzebia Gora"]
[Date "2023.??.??"]
[Round "7"]
[White "Lazniewska, Zofia"]
[Black "Salamon, Julia"]
[Result "0-1"]
[WhiteElo "1621"]
[BlackElo "1701"]
[PlyCount "170"]
[EventDate "2023.03.11"]
[EventType "swiss"]
[EventRounds "9"]
[EventCountry "POL"]
[SourceTitle "CBM 213 Extra"]
[Source "ChessBase"]
[SourceDate "2023.05.31"]
[SourceVersion "1"]
[SourceVersionDate "2023.05.31"]
[SourceQuality "1"]

1. e4 c5 2. Nf3 e6 3. c3 Nf6 4. e5 Nd5 5. d4 cxd4 6. cxd4 d6 7. a3 Nc6 8. Bd3 dxe5 9. dxe5 Qc7 10. 0-0 Nxe5 11. Nxe5 Qxe5 12. Bb5+ Bd7 13. Bxd7+ Kxd7 14. Re1 Qf5 15. Nc3 Bd6 16. Qb3 b6 17. Qb5+ Kc7 18. Ne4 Rhd8 19. Bg5 f6 20. Rac1+ Kb8 21. Bh4 a6 22. Qc6 Be5 23. Bg3 Ka7 24. Bxe5 Qxe5 25. Nc5 Qc7 26. Nxe6 Qxc6 27. Rxc6 Rd7 28. Rd1 Kb7 29. Rc2 Re8 30. Nf4 Rde7 31. Nd3 Nf4 32. g3 Nxd3 33. Rxd3 Re1+ 34. Kg2 R8e7 35. Rdc3 R1e6 36. Kf3 b5 37. h3 g6 38. h4 f5 39. Kf4 h6 40. Kf3 Kb6 41. Rc8 Rd7 42. Rh8 g5 43. hxg5 hxg5 44. Rg8 Rd3+ 45. Kg2 g4 46. Rf8 Rd5 47. Rfc8 Red6 48. Re8 Ka5 49. Ree2 Ka4 50. f3 gxf3+ 51. Kxf3 Rd3+ 52. Kf4 R6d4+ 53. Kxf5 Rxg3 54. Ke5 Rdd3 55. Ke4 a5 56. Rc5 b4 57. axb4 axb4 58. Rcc2 Kb3 59. Rh2 Rge3+ 60. Kf4 Rh3 61. Rhg2 Rhf3+ 62. Ke4 Rg3 63. Rh2 Rge3+ 64. Kf4 Rh3 65. Rhg2 Rh4+ 66. Ke5 Rhd4 67. Rh2 Ka2 68. Rcf2 Rd8 69. Rc2 b3 70. Rcg2 Re8+ 71. Kf4 Rd1 72. Rf2 Rf8+ 73. Ke3 Re8+ 74. Kf3 Rf8+ 75. Ke3 Rxf2 76. Rxf2 Rb1 77. Kd3 Rxb2 78. Rf8 Rc2 79. Ra8+ Kb1 80. Rb8 b2 81. Rh8 Rc7 82. Rg8 Ra7 83. Kc3 Ka2 84. Rg2 Rc7+ 85. Kb4 Ka1 0-1

[Event "POL-ch sf (Women)"]
[Site "Karpacz"]
[Date "2022.12.09"]
[Round "7"]
[White "Salamon, Julia"]
[Black "Pietryk, Joanna"]
[Result "1/2-1/2"]
[WhiteElo "1670"]
[BlackElo "1414"]
[PlyCount "151"]
[EventDate "2022.12.03"]
[EventType "swiss"]
[EventRounds "9"]
[EventCountry "POL"]
[SourceTitle "EXT 2024"]
[Source "ChessBase"]
[SourceDate "2023.10.10"]
[SourceVersion "1"]
[SourceVersionDate "2023.10.10"]
[SourceQuality "1"]

1. d4 Nf6 2. c4 g6 3. Nc3 Bg7 4. e4 d6 5. Be2 0-0 6. Be3 Nbd7 7. Nf3 e5 8. 0-0 c6 9. Qd2 Qe7 10. dxe5 dxe5 11. Rfd1 Nc5 12. Qc2 Nh5 13. b4 Ne6 14. c5 Nef4 15. Ne1 Nxe2+ 16. Qxe2 Nf4 17. Bxf4 exf4 18. Rac1 Be6 19. a3 Bb3 20. Rd2 f3 21. Qe3 fxg2 22. Nxg2 Be6 23. Rcd1 Qf6 24. Ne2 Bg4 25. Rd3 Rfd8 26. f3 Rxd3 27. Rxd3 Qa1+ 28. Kf2 Be6 29. Ne1 Qe5 30. f4 Qf6 31. Nc2 Qh4+ 32. Qg3 Qxg3+ 33. hxg3 Kf8 34. Rd6 Ke7 35. Ke3 Rd8 36. Rxd8 Kxd8 37. Ncd4 Bc4 38. Nc3 Kd7 39. Nb1 b6 40. cxb6 axb6 41. Nd2 Ba6 42. e5 c5 43. Nc2 Bf8 44. Ne4 Be7 45. Nc3 cxb4 46. axb4 Bc4 47. Kd4 Bb3 48. Na1 Be6 49. b5 Bc5+ 50. Ke4 Bf5+ 51. Kd5 Bf2 52. Ne2 Bd3 53. Nd4 Bxd4 54. Kxd4 Bxb5 55. Nc2 Ke6 56. Ne3 Bc6 57. g4 h5 58. f5+ Ke7 59. fxg6 fxg6 60. gxh5 gxh5 61. Nf5+ Kf7 62. Ke3 Bd5 63. Kf4 Be6 64. Nd6+ Kg6 65. Nb5 h4 66. Nd4 Kf7 67. Nf3 h3 68. Kg3 b5 69. Nd4 b4 70. Kh2 Bc8 71. Kg3 Kg6 72. e6 Bxe6 73. Nxe6 b3 74. Nf4+ Kf5 75. Nd3 Ke4 76. Nc5+ 1/2-1/2

[Event "POL-ch sf (Women)"]
[Site "Karpacz"]
[Date "2022.12.05"]
[Round "4"]
[White "Hertlein, Irena"]
[Black "Salamon, Julia"]
[Result "1-0"]
[WhiteElo "1961"]
[BlackElo "1670"]
[PlyCount "99"]
[EventDate "2022.12.03"]
[EventType "swiss"]
[EventRounds "9"]
[EventCountry "POL"]
[SourceTitle "EXT 2024"]
[Source "ChessBase"]
[SourceDate "2023.10.10"]
[SourceVersion "1"]
[SourceVersionDate "2023.10.10"]
[SourceQuality "1"]

1. e4 c5 2. Nf3 e6 3. d4 cxd4 4. Nxd4 Nf6 5. Nc3 Nc6 6. Nxc6 bxc6 7. e5 Nd5 8. Ne4 Qc7 9. f4 Qb6 10. c4 Bb4+ 11. Ke2 f5 12. Nf2 Ba6 13. Kf3 Ne7 14. Be3 Bc5 15. Bxc5 Qxc5 16. Qd6 Qa5 17. Be2 Rd8 18. Rhd1 Nc8 19. Qd2 Qxd2 20. Rxd2 c5 21. Rc1 Ne7 22. Ke3 Rc8 23. Bf3 Rc7 24. Rd3 Bb7 25. Ra3 Bxf3 26. Kxf3 Nc6 27. Nd3 Nb4 28. Nxb4 cxb4 29. Ra5 Rb7 30. Rb5 Rxb5 31. cxb5 Ke7 32. Rc4 Rb8 33. Rxb4 Rb7 34. Ke3 d5 35. exd6+ Kxd6 36. Kd4 a5 37. Rb3 Rb6 38. a4 g6 39. Rd3 Rb8 40. b4 axb4 41. Kc4+ Kc7 42. Kxb4 Re8 43. Kc5 e5 44. b6+ Kb8 45. fxe5 Rxe5+ 46. Kc6 Re6+ 47. Rd6 Re8 48. a5 Rc8+ 49. Kb5 Rc1 50. Rd8+ 1-0

[Event "POL-ch U20 Girls"]
[Site "Karpacz"]
[Date "2022.11.27"]
[Round "9"]
[White "Lukasik, Zuzanna"]
[Black "Salamon, Julia"]
[Result "1/2-1/2"]
[WhiteElo "1802"]
[BlackElo "1575"]
[PlyCount "63"]
[EventDate "2022.11.19"]
[EventType "swiss"]
[EventRounds "9"]
[EventCountry "POL"]
[SourceTitle "EXT 2024"]
[Source "ChessBase"]
[SourceDate "2023.10.10"]
[SourceVersion "1"]
[SourceVersionDate "2023.10.10"]
[SourceQuality "1"]

1. e4 c5 2. Nf3 e6 3. d4 cxd4 4. Nxd4 Nf6 5. Nc3 Nc6 6. Be2 Bb4 7. Nxc6 bxc6 8. 0-0 Bxc3 9. bxc3 Nxe4 10. Qd4 d5 11. Qxg7 Qf6 12. Qxf6 Nxf6 13. Be3 Rg8 14. f3 Nd7 15. Rab1 Ke7 16. Rfe1 c5 17. c4 d4 18. Bd2 a6 19. Bd3 h5 20. h4 f6 21. Bf4 e5 22. Kf2 Kd6 23. Bd2 Rb8 24. Rxb8 Nxb8 25. Rb1 Nc6 26. Be4 Kc7 27. Bd5 Rg7 28. Bh6 Rh7 29. Bd2 Rg7 30. Bh6 Rh7 31. Bd2 Rg7 32. Bh6 1/2-1/2

[Event "POL-ch U20 Girls"]
[Site "Karpacz"]
[Date "2022.11.24"]
[Round "7"]
[White "Kulpa, Zuzanna"]
[Black "Salamon, Julia"]
[Result "1-0"]
[WhiteElo "1928"]
[BlackElo "1575"]
[PlyCount "97"]
[EventDate "2022.11.19"]
[EventType "swiss"]
[EventRounds "9"]
[EventCountry "POL"]
[SourceTitle "EXT 2024"]
[Source "ChessBase"]
[SourceDate "2023.10.10"]
[SourceVersion "1"]
[SourceVersionDate "2023.10.10"]
[SourceQuality "1"]

1. d4 Nf6 2. c4 e6 3. Bf4 d5 4. cxd5 exd5 5. Nf3 Be7 6. Nc3 c6 7. e3 h6 8. Bd3 Be6 9. 0-0 Nbd7 10. Rb1 0-0 11. b4 Qc8 12. Qe2 a5 13. b5 c5 14. dxc5 Nxc5 15. Nd4 Nxd3 16. Qxd3 Bc5 17. Na4 Bxd4 18. Qxd4 Qc4 19. Nb6 Qxd4 20. exd4 Bf5 21. Rbc1 Rae8 22. Bd6 Re6 23. Bxf8 Rxb6 24. Be7 Rxb5 25. Rfd1 Ne4 26. f3 Ng5 27. Bxg5 hxg5 28. Rc5 Bd7 29. Rdc1 a4 30. Rxb5 Bxb5 31. Kf2 Bc6 32. Ke3 Kh7 33. Kd3 Bb5+ 34. Kc3 Bc4 35. Kb4 b5 36. a3 Kg6 37. g4 f6 38. Kc5 Kf7 39. Re1 g6 40. Kd6 f5 41. Re7+ Kf6 42. Re6+ Kf7 43. gxf5 gxf5 44. Ke5 b4 45. axb4 a3 46. Rb6 a2 47. Rb7+ Ke8 48. Ra7 Kd8 49. Kxf5 1-0

[Event "POL-ch U20 Girls"]
[Site "Karpacz"]
[Date "2022.11.22"]
[Round "4"]
[White "Kudlak, Julia"]
[Black "Salamon, Julia"]
[Result "0-1"]
[WhiteElo "1728"]
[BlackElo "1575"]
[PlyCount "110"]
[EventDate "2022.11.19"]
[EventType "swiss"]
[EventRounds "9"]
[EventCountry "POL"]
[SourceTitle "EXT 2024"]
[Source "ChessBase"]
[SourceDate "2023.10.10"]
[SourceVersion "1"]
[SourceVersionDate "2023.10.10"]
[SourceQuality "1"]

1. e4 c5 2. Nf3 e6 3. d4 cxd4 4. Nxd4 Nf6 5. Nc3 Nc6 6. Nxc6 bxc6 7. e5 Nd5 8. Ne4 Qc7 9. f4 Qb6 10. c4 Bb4+ 11. Ke2 f5 12. Nf2 Nc7 13. Nd3 Bc5 14. Nxc5 Qxc5 15. Kf3 Qb6 16. b3 c5 17. Kg3 Kf7 18. Qh5+ g6 19. Qh6 Qb4 20. Be2 Qc3+ 21. Bf3 Qxa1 22. h4 Rg8 23. Qg5 Qc3 24. Qf6+ Ke8 25. h5 Bb7 26. h6 Bxf3 27. gxf3 Na6 28. Rd1 Rb8 29. Rd6 Rb6 30. Bd2 Qa1 31. Rxd7 Kxd7 32. Qf7+ Kc6 33. Qxe6+ Kb7 34. Qxg8 Qg1+ 35. Kh3 Qh1+ 36. Kg3 Qg1+ 37. Kh3 Nc7 38. Qxh7 Qf2 39. Ba5 Qxf3+ 40. Kh2 Qxf4+ 41. Kg1 Qd4+ 42. Kg2 Rc6 43. Qg7 Qe4+ 44. Kg1 Qb1+ 45. Kg2 Qxa2+ 46. Kf1 Qxa5 47. h7 Qa1+ 48. Kg2 Qb2+ 49. Kf3 Qc3+ 50. Kf4 Qd4+ 51. Kf3 Qe4+ 52. Kg3 Qg4+ 53. Kf2 Ra6 54. h8Q Ra2+ 55. Ke3 Qe4# 0-1